Explore Argentina.
| Format: | Book |
|---|---|
| Published: |
[S.l]:
Argentina Secretaria de turismo,
[2006].
|
| Subjects: |
| LEADER | 00383cam a2200133 7i4500 | ||
|---|---|---|---|
| 001 | 0000018668 | ||
| 005 | 20070109090000.0 | ||
| 090 | 0 | 0 | |a ARGT 914.8204 |b EXP |
| 245 | 0 | 0 | |a Explore Argentina. |
| 260 | 0 | 0 | |a [S.l]: |b Argentina Secretaria de turismo, |c [2006]. |
| 300 | # | # | |a 177 p. |
| 650 | 0 | 0 | |a Argentina -- |x Guidebooks |
| 651 | 0 | 0 | |a Argentina |
| 999 | |a 0000018890 |b Book |c Countries |e Business Information Centre | ||